| 000 | 01176nam a22002412a 4500 | ||
|---|---|---|---|
| 001 | 15223 | ||
| 003 | BD-RjUL | ||
| 005 | 20231018135414.0 | ||
| 008 | 231017s2001 nyu 001 0 a u | ||
| 035 | _a(BD-RjUL)15277 | ||
| 040 |
_aCPL _cUkOxU _dOCL _dUKM _dEQO _dBD-RjUL _beng |
||
| 041 | _aara | ||
| 100 | 1 |
_aالسيوطي ، جلال الدين أبو الفضل عبد الرحمن بن أبي بكر بن محمد ;; Al-Suyuti, Jalal al-Din Abu al-Fadl Abd al-Rahman bin Abi Bakr bin Muhammad,AH. _d 849 - 911 _947045 |
|
| 245 | 1 | 0 |
_aلباب النقول في أسباب النزول ;; Libab al Nuqul Fi Asbab al Nujul / _c Jalal al-Din Abu al-Fadl Abdul Rahman bin Abi Bakr bin Muhammad al-Suyuti ;; جلال الدين أبو الفضل عبد الرحمن بن أبي بكر بن محمد السيوطي |
| 260 |
_aAr Riyad - Saudi Arabia : _bTurath For Solutions, _c[2001] |
||
| 300 |
_a399 p. ; _c24 cm. |
||
| 504 | _aIncludes index. | ||
| 650 |
_aKORAN REVELATION _99664 |
||
| 650 |
_a KORANIC SCIENCES العلوم القرآنية _99665 |
||
| 650 |
_aTHE HOLY KORAN _99666 |
||
| 700 | 1 |
_aMautz, R. K. _q(Robert Kuhn), _d1915-2002 _99667 |
|
| 942 |
_2ddc _cBK |
||
| 999 |
_c15223 _d15223 |
||